BIBLIOTHÈQUE DE LA MAISON DU MEXIQUE

Logo 1 Logo 2

La cosecha del agua en la Cuenca de México (notice nᵒ 4063)

détails MARC
000 -Sello discográfico
campo de control de longitud fija 01162nam a2200325 4500
005 - Identificación de versión
campo de control 20260511102048.0
010 ## - Número Estándar Internacional de Libros (ISBN)
Número (ISBN) 968-496-067-0
035 ## - Otros números de control del sistema
Número de control del sistema 25958
099 ## - fechas locales
Tipo de ítem Koha LIBRO
100 ## - Datos de procesamiento general
Datos de procesamiento general 19990316d1985 m y1spay5003 ba
101 ## - Idioma del recurso
Idioma del texto, banda sonora, etc. Español; Castellano
105 ## - Campo de datos codificados: Material textual, monográfico
Datos codificados de monografía a 001zy
200 1# - Título y mención de responsabilidad
Título propio La cosecha del agua en la Cuenca de México
Designación general del material texto impreso
Primer mención de responsabilidad Teresa Rojas Rabiela
205 ## - Declaración de edición
Declaración de edición 1a ed
210 ## - Publicación, distribución, etc.
Lugar de publicación, distribución, etc. México
Nombre del editor, distribuidor, etc. Centro de Investigaciones y Estudios Superiores en Antropología Social
Fecha de publicación, distribución, etc. 1985
215 ## - Descripción física
Designación de material específico y extensión del ítem 142 p
Otras características físicas il.
Dimensiones 23 cm
327 ## - Nota de contenidos
Texto de la nota La pesca en el medio lacustre y chinampero de San Luis Tlaxialtemalco / José Genovevo Pérez Espinoza
345 ## - Nota de información de adquisición
Fuente de adquisición/dirección de la suscripción [OBSOLETO] Donación del Centro Cultural
410 #1 - Series
Título Cuadernos de la Casa Chata
Número de volumen 116
410 #1 - Series
Título Serie Los Pescadores de México
Número de volumen 7
606 ## - Término temático usado como materia
Elemento de entrada Biología de agua dulce
Subdivisión temática Historia
Subdivisión geográfica México (Valle)
Número Koha 8064
606 ## - Término temático usado como materia
Elemento de entrada Pesca en agua dulce
Subdivisión temática Historia
Subdivisión geográfica México (Valle)
Número Koha 8065
660 ## - Código de área geográfica
Código MX
700 ## - Nombre personal - Responsabilidad primaria
Elemento de entrada Rojas Rabiela
Parte del nombre distinta del elemento de entrada Teresa
Número Koha 363
701 ## - Nombre personal - Responsabilidad alternativa
Elemento de entrada Pérez Espinoza
Parte del nombre distinta del elemento de entrada José Genoveno
Número Koha 8066
801 #0 - Fuente de origen
País FR
Agencia cm
Reglas de catalogación (convenciones descriptivas) AFNOR
942 ## - ELEMENTOS DE ENTRADA SECUNDARIOS (KOHA)
Tipo de ítem Koha Livre
Exemplaires
Estatus retirado Estado de daño Estado de pérdida Fecha de adquisición Biblioteca de origen Biblioteca actual Ubicación en estantería Código de barras Precio de reemplazo Signatura topográfica completa No para préstamo Tipo de ítem Koha Nota pública Nota no pública
      05/08/2025 Casa México Paris Casa México Paris   006931 05/08/2025 572.09 C961 V.116   Livre 20221018LIV 751145101